000 nam a22 7a 4500
999 _c4888
_d4888
005 20210323153619.0
008 210323b2021 xxu||||| |||| 00| 0 eng d
020 _a798408008222
040 _aAKMAL
082 _a788.773 BAL
090 _a788.773
_bBAL
100 _aAndrew Balent and Quincy C.Hilliard
_99273
245 _aSkill Builders : Warmups and Technical Studies for the Developing Performer (Tenor Saxophone)
_b: Book 2
260 _aNew York
_bCarl Fischer
264 _aNew York
_bCarl Fischer
300 _a16 page
_c30cm
599 _aDALAM PROSES
942 _2ddc
_cBOOK